Siete años que transforman / (Registro nro. 7117)
[ vista simple ]
| 000 -CABECERA | |
|---|---|
| campo de control de longitud fija | 00979nam a22002297a 4500 |
| 008 - CÓDIGOS DE INFORMACIÓN DE LONGITUD FIJA | |
| fixed length control field | 210205s2016 ck abdogr|||| 00| 0 spa d |
| 040 ## - Fuente de catalogación | |
| Agencia original de catalogación | CO-JMCR |
| Agencia de transcripción | CO-JMCR |
| 041 0# - CÓDIGO DE LENGUA | |
| Código idioma | spa |
| 082 04 - NÚMERO DE LA CLASIFICACIÓN DECIMAL DEWEY | |
| Número de clasificación Decimal | 303.4 / |
| Número de documento (Cutter) | C822s |
| Edition number | 21 |
| 110 2# - NOMBRE CORPORATIVO | |
| Nombre de entidad corporativa | Corporación Manos Visibles (Bogotá, Colombia) |
| 9 (RLIN) | 13084 |
| 245 10 - TÍTULO PROPIAMENTE DICHO | |
| Título | Siete años que transforman / |
| Mención de responsabilidad, etc. | Corporación Manos Visibles |
| 260 ## - PUBLICACIÓN, DISTRIBUCIÓN, ETC. (PIE DE IMPRENTA) | |
| Lugar de publicación, distribución, etc. | Bogotá : |
| Nombre del editor, distribuidor, etc. | manos Visibles, |
| Fecha de publicación, distribución, etc. | 2016 |
| 300 ## - DESCRIPCIÓN FÍSICA | |
| Extensión | 60 páginas : |
| Otros detalles físicos | ilustraciones, fotografías, gráficas, mapas ; |
| Dimensiones | 22 x 28 cm. |
| 505 0# - NOTA DE CONTENIDO FORMATADO | |
| Nota de contenido formateada | Hecho a mano -- Sobre las capacidades y las oportunidades -- Sobre una red de liderazgos visibles -- ¿Y qué sigue? |
| 610 24 - TEMA - ENTIDAD | |
| General subdivision | Actividades |
| 9 (RLIN) | 13085 |
| 650 14 - TÉRMINO DE MATERIA | |
| subdivision Geografica | Colombia |
| 9 (RLIN) | 13086 |
| 650 14 - TÉRMINO DE MATERIA | |
| subdivision Geografica | Colombia |
| 9 (RLIN) | 13087 |
| 650 24 - TÉRMINO DE MATERIA | |
| subdivision Geografica | Colombia |
| 9 (RLIN) | 13088 |
| 650 24 - TÉRMINO DE MATERIA | |
| subdivision Geografica | Colombia |
| 9 (RLIN) | 13089 |
| Withdrawn status | Lost status | Source of classification or shelving scheme | Damaged status | Not for loan | Home library | Current library | Date acquired | Full call number | Barcode | Date last seen | Copy number | Price effective from | Koha item type | Source of acquisition | Total Checkouts |
|---|---|---|---|---|---|---|---|---|---|---|---|---|---|---|---|
| Dewey Decimal Classification | Biblioteca Pública José María del Castillo y Rada | Biblioteca Pública José María del Castillo y Rada | 02/05/2021 | 303.4 / C822s | 201808374 | 05/16/2024 | Ej.1 | 02/05/2021 | Books | ||||||
| Dewey Decimal Classification | Biblioteca Pública José María del Castillo y Rada | Biblioteca Pública José María del Castillo y Rada | 02/05/2021 | 303.4 / C822s | 201810617 | 05/16/2024 | Ej.2 | 02/05/2021 | Books | Donación |